| 000 | 00611nam a2200205Ia 4500 | ||
|---|---|---|---|
| 003 | GCL | ||
| 008 | 140319s9999 xx 000 0 eng d | ||
| 020 | _a0932568505 | ||
| 040 |
_aGCL / _cGCL |
||
| 082 | 0 | 4 | _a338 |
| 100 | 1 | _aDEVLIN, JULIA | |
| 245 | 1 | 0 |
_aGULF ECONOMIES : _bSTRATEGIES FOR GROWTH IN THE 21 th CENTURY / _cDEVLIN, JULIA |
| 260 |
_aنيويورك : _bCENTER FOR CONTEMPORARY ARAB STUDIES ، _c1997 |
||
| 300 |
_a23 CM ؛ _cXV11, 64 P |
||
| 650 | 0 | 4 | _aECONOMICS |
| 650 | 0 | 4 | _aECONOMIC GROWTH |
| 650 | 0 | 4 | _aGULF - ECONOMIC DEVELOPMENT |
| 650 | 0 | 4 | _aGULF - ECONOMIC CONDITION |
| 942 |
_2ddc _cBK |
||
| 999 |
_c4393 _d4393 |
||